Visual C++ in easy Steps (Record no. 346264)
[ view plain ]
| 000 -LEADER | |
|---|---|
| fixed length control field | 00238 a2200097 4500 |
| 090 ## - LOCALLY ASSIGNED LC-TYPE CALL NUMBER (OCLC); LOCAL CALL NUMBER (RLIN) | |
| -- | 3800 |
| -- | 3800 |
| 100 ## - MAIN ENTRY--PERSONAL NAME | |
| Personal name | Alan Kelly |
| 245 ## - TITLE STATEMENT | |
| Title | Visual C++ in easy Steps |
| 260 ## - PUBLICATION, DISTRIBUTION, ETC. | |
| Place of publication, distribution, etc. | Dreamtech Press |
| Name of publisher, distributor, etc. | New Delhi |
| Date of publication, distribution, etc. | 2000 |
| 942 ## - ADDED ENTRY ELEMENTS (KOHA) | |
| Institution code [OBSOLETE] | NBS |
| Koha item type | Book |
| Call number prefix | 005.118 KEL |
| Withdrawn status | Lost status | Damaged status | Not for loan | Permanent Location | Current Location | Shelving location | Date acquired | Total Checkouts | Full call number | Barcode | Date last seen | Date last checked out | Price effective from | Koha item type |
|---|---|---|---|---|---|---|---|---|---|---|---|---|---|---|
| Central Library (CL) | Central Library (CL) | First Floor - Software Engineering/ Programming Language | 08/28/2013 | 1 | 005.118 KEL | NBS4048 | 11/22/2017 | 07/18/2017 | 08/28/2013 | Book | ||||
| Central Library (CL) | Central Library (CL) | First Floor - Software Engineering/ Programming Language | 08/28/2013 | 2 | 005.118 KEL | NBS4049 | 01/28/2019 | 01/28/2019 | 08/28/2013 | Book |
